Every English Third-Tier Football Club Since 1992 - Statistics

General Stats
  • This quiz has been taken 437 times
  • The average score is 73 of 92
Answer Stats
Clubs % Correct
Ipswich Town
94%
Norwich City
94%
Portsmouth
94%
Derby County
93%
Plymouth Argyle
93%
Leeds United
92%
Nottingham Forest
92%
Sheffield United
92%
Cardiff City
91%
Sheffield Wednesday
91%
Southampton
91%
Swansea City
91%
Birmingham City
90%
Bolton Wanderers
90%
Bristol City
90%
Bristol Rovers
90%
Leicester City
90%
Luton Town
90%
Sunderland
90%
Wrexham
90%
Brighton & Hove Albion
89%
Blackburn Rovers
88%
AFC Wimbledon
87%
Brentford
87%
Coventry City
87%
Hull City
87%
Oxford United
87%
Peterborough United
87%
Wolverhampton Wanderers
87%
Accrington Stanley
86%
Blackpool
86%
Milton Keynes Dons
86%
Notts County
86%
West Bromwich Albion
86%
Barnsley
85%
Bournemouth
85%
Burnley
85%
Cambridge United
85%
Queens Park Rangers
85%
Rotherham United
85%
Bradford City
84%
Yeovil Town
84%
Carlisle United
83%
Charlton Athletic
83%
Colchester United
83%
Exeter City
83%
Chester City
82%
Huddersfield Town
82%
Manchester City
82%
Reading
81%
Stoke City
81%
Lincoln City
80%
Burton Albion
79%
Doncaster Rovers
79%
Preston North End
79%
Stockport County
79%
Mansfield Town
78%
Cheltenham Town
77%
Forest Green Rovers
77%
Fulham
77%
Millwall
77%
Oldham Athletic
77%
Gillingham
76%
Port Vale
76%
Wigan Athletic
76%
Southend United
75%
Tranmere Rovers
75%
Watford
75%
York City
75%
Bury
74%
Grimsby Town
74%
Swindon Town
74%
Chesterfield
73%
Wycombe Wanderers
73%
Leyton Orient
72%
Northampton Town
72%
Crewe Alexandra
70%
Fleetwood Town
70%
Walsall
67%
Hartlepool United
66%
Morecambe
65%
Rochdale
65%
Stevenage
65%
Crawley Town
64%
Torquay United
64%
Macclesfield Town
62%
Scunthorpe United
62%
Shrewsbury Town
62%
Barnet
56%
Dagenham & Redbridge
56%
Hereford United
54%
Rushden & Diamonds
37%
No matching quizzes found
Score Distribution
Percent of People with Each Score
Percentile by Number Answered
Your Score History
You have not taken this quiz